Water management system in the desert region of Rajasthan : (Record no. 169307)

MARC details
000 -LEADER
fixed length control field 00627nam a22001817a 4500
005 - DATE AND TIME OF LATEST TRANSACTION
control field 20191114142810.0
010 ## - LCCN (DPL NO)
LC control number ENG-126897
020 ## - INTERNATIONAL STANDARD BOOK NUMBER
International Standard Book Number 9789386761446
Terms of availability 995.00
035 ## - SYSTEM CONTROL NUMBER
System control number EN-110429
037 ## - SOURCE OF ACQUISITION
Source of stock number/acquisition DBAD/PUB
082 ## - DEWEY DECIMAL CLASSIFICATION NUMBER
Classification number 628.109
100 ## - MAIN ENTRY--PERSONAL NAME
Personal name Jibraeil
245 ## - TITLE STATEMENT
Title Water management system in the desert region of Rajasthan :
Statement of responsibility, etc by Jibraeil
Remainder of title thirteenth-eighteenth centuries /
260 ## - PUBLICATION, DISTRIBUTION, ETC. (IMPRINT)
Place of publication, distribution, etc New Delhi
Name of publisher, distributor, etc Ane Books
Date of publication, distribution, etc 2018
270 ## - ADDRESS
Address 4821, Parwana Bhawan, 1st Floor, 24 Ansari Road
City Darya Ganj, New Delhi
Postal code 110002
Electronic mail address kapoor@anebooks.com
300 ## - PHYSICAL DESCRIPTION
Extent xx;197.
Dimensions 22cm(Hb)
942 ## - ADDED ENTRY ELEMENTS (KOHA)
Source of classification or shelving scheme Dewey Decimal Classification
Item type English Books
Classification part 628.109
Call number suffix JIB
Holdings
Withdrawn status Lost status Not for loan Collection code Home library Current library Date acquired Source of acquisition Cost, normal purchase price Full call number Barcode Copy number Cost, replacement price Koha item type
      Non-fiction Central Jail Tihar Central Jail Tihar 14/11/2019 DBAD/PUB 995.00 628.109 JIB EN-110429 1 995.00 English Books

© Delhi Public Library
Hit Counter
free hit counter